Statistics for Name the 13 Dwarves From The Hobbit

Click here to take the quiz!

General Stats

  • This quiz has been taken 60 times
  • The average score is 10 of 13

Answer Stats

Answer % Correct
thorin
89%
balin
85%
kili
85%
fili
85%
bombur
85%
dwalin
74%
ori
74%
bifur
74%
dori
67%
gloin
67%
bofur
67%
oin
63%
nori
59%

Score Distribution

Percentile by Number Answered

Percent of People with Each Score

Your Score History

You have not taken this quiz